<?xml version="1.0" encoding="UTF-8"?>
<record
    xmlns:xsi="http://www.w3.org/2001/XMLSchema-instance"
    xsi:schemaLocation="http://www.loc.gov/MARC21/slim http://www.loc.gov/standards/marcxml/schema/MARC21slim.xsd"
    xmlns="http://www.loc.gov/MARC21/slim">

  <leader>00458nam a22001937a 4500</leader>
  <controlfield tag="005">20250318115909.0</controlfield>
  <controlfield tag="008">250318b        |||||||| |||| 00| 0 eng d</controlfield>
  <datafield tag="020" ind1=" " ind2=" ">
    <subfield code="a">9788193043707</subfield>
    <subfield code="c">575.00</subfield>
  </datafield>
  <datafield tag="040" ind1=" " ind2=" ">
    <subfield code="a">MAIN</subfield>
  </datafield>
  <datafield tag="041" ind1=" " ind2=" ">
    <subfield code="a">English</subfield>
  </datafield>
  <datafield tag="082" ind1=" " ind2=" ">
    <subfield code="a">543.085 </subfield>
    <subfield code="b">AJA</subfield>
  </datafield>
  <datafield tag="100" ind1=" " ind2=" ">
    <subfield code="a">Ajai, Kumar </subfield>
    <subfield code="9">25369</subfield>
  </datafield>
  <datafield tag="245" ind1=" " ind2=" ">
    <subfield code="a">Coordination Chemistry</subfield>
  </datafield>
  <datafield tag="250" ind1=" " ind2=" ">
    <subfield code="a">8th</subfield>
  </datafield>
  <datafield tag="260" ind1=" " ind2=" ">
    <subfield code="a">Uttar Pradesh </subfield>
    <subfield code="b">Aaryush</subfield>
    <subfield code="c">2024</subfield>
  </datafield>
  <datafield tag="300" ind1=" " ind2=" ">
    <subfield code="a">V.P.</subfield>
  </datafield>
  <datafield tag="650" ind1=" " ind2=" ">
    <subfield code="a">Chemistry </subfield>
  </datafield>
  <datafield tag="942" ind1=" " ind2=" ">
    <subfield code="c">BK</subfield>
  </datafield>
  <datafield tag="999" ind1=" " ind2=" ">
    <subfield code="c">59480</subfield>
    <subfield code="d">59480</subfield>
  </datafield>
  <datafield tag="952" ind1=" " ind2=" ">
    <subfield code="0">0</subfield>
    <subfield code="1">0</subfield>
    <subfield code="2">ddc</subfield>
    <subfield code="4">0</subfield>
    <subfield code="6">543_085000000000000_AJA</subfield>
    <subfield code="7">1</subfield>
    <subfield code="9">89469</subfield>
    <subfield code="a">MAIN</subfield>
    <subfield code="b">MAIN</subfield>
    <subfield code="d">2025-03-18</subfield>
    <subfield code="o">543.085  AJA</subfield>
    <subfield code="p">50245</subfield>
    <subfield code="r">2025-03-18</subfield>
    <subfield code="w">2025-03-18</subfield>
    <subfield code="y">REF</subfield>
  </datafield>
  <datafield tag="952" ind1=" " ind2=" ">
    <subfield code="0">0</subfield>
    <subfield code="1">0</subfield>
    <subfield code="2">ddc</subfield>
    <subfield code="4">0</subfield>
    <subfield code="6">543_085000000000000_AJA</subfield>
    <subfield code="7">0</subfield>
    <subfield code="9">89470</subfield>
    <subfield code="a">MAIN</subfield>
    <subfield code="b">MAIN</subfield>
    <subfield code="d">2025-03-18</subfield>
    <subfield code="l">2</subfield>
    <subfield code="o">543.085  AJA</subfield>
    <subfield code="p">50246</subfield>
    <subfield code="r">2026-03-13</subfield>
    <subfield code="s">2026-02-26</subfield>
    <subfield code="w">2025-03-18</subfield>
    <subfield code="y">BK</subfield>
  </datafield>
  <datafield tag="952" ind1=" " ind2=" ">
    <subfield code="0">0</subfield>
    <subfield code="1">0</subfield>
    <subfield code="2">ddc</subfield>
    <subfield code="4">0</subfield>
    <subfield code="6">543_085000000000000_AJA</subfield>
    <subfield code="7">0</subfield>
    <subfield code="9">89471</subfield>
    <subfield code="a">MAIN</subfield>
    <subfield code="b">MAIN</subfield>
    <subfield code="d">2025-03-18</subfield>
    <subfield code="l">2</subfield>
    <subfield code="m">2</subfield>
    <subfield code="o">543.085  AJA</subfield>
    <subfield code="p">50247</subfield>
    <subfield code="r">2026-03-11</subfield>
    <subfield code="s">2026-02-24</subfield>
    <subfield code="w">2025-03-18</subfield>
    <subfield code="y">BK</subfield>
  </datafield>
  <datafield tag="952" ind1=" " ind2=" ">
    <subfield code="0">0</subfield>
    <subfield code="1">0</subfield>
    <subfield code="2">ddc</subfield>
    <subfield code="4">0</subfield>
    <subfield code="6">543_085000000000000_AJA</subfield>
    <subfield code="7">0</subfield>
    <subfield code="9">89472</subfield>
    <subfield code="a">MAIN</subfield>
    <subfield code="b">MAIN</subfield>
    <subfield code="d">2025-03-18</subfield>
    <subfield code="l">3</subfield>
    <subfield code="o">543.085  AJA</subfield>
    <subfield code="p">50248</subfield>
    <subfield code="r">2026-03-24</subfield>
    <subfield code="s">2026-03-09</subfield>
    <subfield code="w">2025-03-18</subfield>
    <subfield code="y">BK</subfield>
  </datafield>
  <datafield tag="952" ind1=" " ind2=" ">
    <subfield code="0">0</subfield>
    <subfield code="1">0</subfield>
    <subfield code="2">ddc</subfield>
    <subfield code="4">0</subfield>
    <subfield code="6">543_085000000000000_AJA</subfield>
    <subfield code="7">0</subfield>
    <subfield code="9">89473</subfield>
    <subfield code="a">MAIN</subfield>
    <subfield code="b">MAIN</subfield>
    <subfield code="d">2025-03-18</subfield>
    <subfield code="l">3</subfield>
    <subfield code="o">543.085  AJA</subfield>
    <subfield code="p">50249</subfield>
    <subfield code="r">2026-03-12</subfield>
    <subfield code="s">2026-02-26</subfield>
    <subfield code="w">2025-03-18</subfield>
    <subfield code="y">BK</subfield>
  </datafield>
  <datafield tag="952" ind1=" " ind2=" ">
    <subfield code="0">0</subfield>
    <subfield code="1">0</subfield>
    <subfield code="2">ddc</subfield>
    <subfield code="4">0</subfield>
    <subfield code="6">543_085000000000000_AJA</subfield>
    <subfield code="7">0</subfield>
    <subfield code="9">89474</subfield>
    <subfield code="a">MAIN</subfield>
    <subfield code="b">MAIN</subfield>
    <subfield code="d">2025-03-18</subfield>
    <subfield code="l">2</subfield>
    <subfield code="o">543.085  AJA</subfield>
    <subfield code="p">50250</subfield>
    <subfield code="r">2026-03-11</subfield>
    <subfield code="s">2026-02-12</subfield>
    <subfield code="w">2025-03-18</subfield>
    <subfield code="y">BK</subfield>
  </datafield>
  <datafield tag="952" ind1=" " ind2=" ">
    <subfield code="0">0</subfield>
    <subfield code="1">0</subfield>
    <subfield code="2">ddc</subfield>
    <subfield code="4">0</subfield>
    <subfield code="6">543_085000000000000_AJA</subfield>
    <subfield code="7">0</subfield>
    <subfield code="9">89475</subfield>
    <subfield code="a">MAIN</subfield>
    <subfield code="b">MAIN</subfield>
    <subfield code="d">2025-03-18</subfield>
    <subfield code="l">2</subfield>
    <subfield code="m">1</subfield>
    <subfield code="o">543.085  AJA</subfield>
    <subfield code="p">50251</subfield>
    <subfield code="r">2026-05-05</subfield>
    <subfield code="s">2026-04-20</subfield>
    <subfield code="w">2025-03-18</subfield>
    <subfield code="y">BK</subfield>
  </datafield>
  <datafield tag="952" ind1=" " ind2=" ">
    <subfield code="0">0</subfield>
    <subfield code="1">0</subfield>
    <subfield code="2">ddc</subfield>
    <subfield code="4">0</subfield>
    <subfield code="6">543_085000000000000_AJA</subfield>
    <subfield code="7">0</subfield>
    <subfield code="9">89476</subfield>
    <subfield code="a">MAIN</subfield>
    <subfield code="b">MAIN</subfield>
    <subfield code="d">2025-03-18</subfield>
    <subfield code="l">4</subfield>
    <subfield code="o">543.085  AJA</subfield>
    <subfield code="p">50252</subfield>
    <subfield code="r">2026-04-20</subfield>
    <subfield code="s">2026-03-12</subfield>
    <subfield code="w">2025-03-18</subfield>
    <subfield code="y">BK</subfield>
  </datafield>
  <datafield tag="952" ind1=" " ind2=" ">
    <subfield code="0">0</subfield>
    <subfield code="1">0</subfield>
    <subfield code="2">ddc</subfield>
    <subfield code="4">0</subfield>
    <subfield code="6">543_085000000000000_AJA</subfield>
    <subfield code="7">0</subfield>
    <subfield code="9">89477</subfield>
    <subfield code="a">MAIN</subfield>
    <subfield code="b">MAIN</subfield>
    <subfield code="d">2025-03-18</subfield>
    <subfield code="l">3</subfield>
    <subfield code="o">543.085  AJA</subfield>
    <subfield code="p">50253</subfield>
    <subfield code="r">2026-03-11</subfield>
    <subfield code="s">2026-03-09</subfield>
    <subfield code="w">2025-03-18</subfield>
    <subfield code="y">BK</subfield>
  </datafield>
  <datafield tag="952" ind1=" " ind2=" ">
    <subfield code="0">0</subfield>
    <subfield code="1">0</subfield>
    <subfield code="2">ddc</subfield>
    <subfield code="4">0</subfield>
    <subfield code="6">543_085000000000000_AJA</subfield>
    <subfield code="7">0</subfield>
    <subfield code="9">89478</subfield>
    <subfield code="a">MAIN</subfield>
    <subfield code="b">MAIN</subfield>
    <subfield code="d">2025-03-18</subfield>
    <subfield code="l">3</subfield>
    <subfield code="o">543.085  AJA</subfield>
    <subfield code="p">50254</subfield>
    <subfield code="r">2026-03-12</subfield>
    <subfield code="s">2026-03-06</subfield>
    <subfield code="w">2025-03-18</subfield>
    <subfield code="y">BK</subfield>
  </datafield>
  <datafield tag="952" ind1=" " ind2=" ">
    <subfield code="0">0</subfield>
    <subfield code="1">0</subfield>
    <subfield code="2">ddc</subfield>
    <subfield code="4">0</subfield>
    <subfield code="6">543_085000000000000_AJA</subfield>
    <subfield code="7">0</subfield>
    <subfield code="9">92257</subfield>
    <subfield code="a">MAIN</subfield>
    <subfield code="b">MAIN</subfield>
    <subfield code="d">2026-02-17</subfield>
    <subfield code="l">0</subfield>
    <subfield code="o">543.085  AJA</subfield>
    <subfield code="p">52701</subfield>
    <subfield code="r">2026-02-17</subfield>
    <subfield code="w">2026-02-17</subfield>
    <subfield code="y">BK</subfield>
  </datafield>
  <datafield tag="952" ind1=" " ind2=" ">
    <subfield code="0">0</subfield>
    <subfield code="1">0</subfield>
    <subfield code="2">ddc</subfield>
    <subfield code="4">0</subfield>
    <subfield code="6">543_085000000000000_AJA</subfield>
    <subfield code="7">0</subfield>
    <subfield code="9">92258</subfield>
    <subfield code="a">MAIN</subfield>
    <subfield code="b">MAIN</subfield>
    <subfield code="d">2026-02-17</subfield>
    <subfield code="l">0</subfield>
    <subfield code="o">543.085  AJA</subfield>
    <subfield code="p">52702</subfield>
    <subfield code="r">2026-02-17</subfield>
    <subfield code="w">2026-02-17</subfield>
    <subfield code="y">BK</subfield>
  </datafield>
  <datafield tag="952" ind1=" " ind2=" ">
    <subfield code="0">0</subfield>
    <subfield code="1">0</subfield>
    <subfield code="2">ddc</subfield>
    <subfield code="4">0</subfield>
    <subfield code="6">543_085000000000000_AJA</subfield>
    <subfield code="7">0</subfield>
    <subfield code="9">92259</subfield>
    <subfield code="a">MAIN</subfield>
    <subfield code="b">MAIN</subfield>
    <subfield code="d">2026-02-17</subfield>
    <subfield code="l">0</subfield>
    <subfield code="o">543.085  AJA</subfield>
    <subfield code="p">52703</subfield>
    <subfield code="r">2026-02-17</subfield>
    <subfield code="w">2026-02-17</subfield>
    <subfield code="y">BK</subfield>
  </datafield>
  <datafield tag="952" ind1=" " ind2=" ">
    <subfield code="0">0</subfield>
    <subfield code="1">0</subfield>
    <subfield code="2">ddc</subfield>
    <subfield code="4">0</subfield>
    <subfield code="6">543_085000000000000_AJA</subfield>
    <subfield code="7">0</subfield>
    <subfield code="9">92260</subfield>
    <subfield code="a">MAIN</subfield>
    <subfield code="b">MAIN</subfield>
    <subfield code="d">2026-02-17</subfield>
    <subfield code="l">0</subfield>
    <subfield code="o">543.085  AJA</subfield>
    <subfield code="p">52704</subfield>
    <subfield code="r">2026-02-17</subfield>
    <subfield code="w">2026-02-17</subfield>
    <subfield code="y">BK</subfield>
  </datafield>
  <datafield tag="952" ind1=" " ind2=" ">
    <subfield code="0">0</subfield>
    <subfield code="1">0</subfield>
    <subfield code="2">ddc</subfield>
    <subfield code="4">0</subfield>
    <subfield code="6">543_085000000000000_AJA</subfield>
    <subfield code="7">0</subfield>
    <subfield code="9">92261</subfield>
    <subfield code="a">MAIN</subfield>
    <subfield code="b">MAIN</subfield>
    <subfield code="d">2026-02-17</subfield>
    <subfield code="l">0</subfield>
    <subfield code="o">543.085  AJA</subfield>
    <subfield code="p">52705</subfield>
    <subfield code="r">2026-02-17</subfield>
    <subfield code="w">2026-02-17</subfield>
    <subfield code="y">BK</subfield>
  </datafield>
</record>
